|
|
|
|
| LEADER |
01481nam a2200301 a 4500 |
| 001 |
GR-MES13301 |
| 008 |
071004s gr b 001 0 gre d |
| 020 |
|
|
|a 1402031238
|q (Hb: acid-free paper)
|
| 020 |
|
|
|a 1402031246
|q (e-book)
|
| 040 |
|
|
|a GrPaTEI
|b gre
|c GR-PaULI
|
| 040 |
|
|
|a GrPaTEI
|b gre
|c GR-PaULI
|
| 082 |
|
0 |
|a 363.349 290
|2 21
|
| 245 |
0 |
0 |
|a From disaster response to risk management :
|b Australia's National drought policy ; Edited by: Linda Courtenay Botterill and Donald A. Wilhite.
|
| 260 |
|
|
|a Dordrecht :
|b Springer,
|c c2005
|
| 300 |
|
|
|a xii, 209σ. :
|b εικ. ;
|c 25εκ.
|
| 490 |
0 |
|
|a Advances in natural and technological hazards research. v.22
|
| 504 |
|
|
|a Περιλαμβάνει βιβλιογραφίες και ευρετήριο.
|
| 653 |
|
|
|a Drought relief--Government policy
|z Australia
|
| 653 |
|
|
|a Droughts--Australia--Management
|
| 653 |
|
|
|a Droughts--Government policy--Australia
|
| 653 |
|
|
|a Ξηρασίες--Αυστραλία--Μάνατζμεντ
|
| 653 |
|
|
|a Ξηρασίες--Πολιτική και διακυβέρνηση
|z Αυστραλία
|
| 700 |
1 |
|
|a Botterill, Linda Courtenay
|
| 700 |
1 |
|
|a Wilhite, Donald A.
|
| 942 |
|
|
|2 ddc
|
| 952 |
|
|
|0 0
|1 0
|2 ddc
|4 0
|6 363_349000000000000_290_FRO
|7 0
|9 271810
|a MSLG
|b MSLG
|c BSC
|d 2021-01-17
|e 24
|f 0
|g 0.00
|l 0
|o 363.349 290 FRO
|p 2420000022374
|r 2021-01-17 00:00:00
|t 1
|w 2021-01-17
|y BK15
|x 20071004 0 ΤΣΑΝΤΑΡΛΙΩΤΗ 1
|x GrPaTEI
|
| 971 |
|
|
|a .b25793494
|b 15-04-20
|c 13-09-16
|
| 999 |
|
|
|c 157080
|d 157080
|